Management and control in public enterprise (Record no. 369170)

000 -LEADER
fixed length control field 00477cam a22001457a 4500
008 - FIXED-LENGTH DATA ELEMENTS--GENERAL INFORMATION
fixed length control field 180718b1963 xxu||||| |||| 00| 0 eng d
082 ## - DEWEY DECIMAL CLASSIFICATION NUMBER
Classification number U6x54 K528g
100 ## - MAIN ENTRY--PERSONAL NAME
Personal name Khera, S.S.
245 ## - TITLE STATEMENT
Title Management and control in public enterprise
Statement of responsibility, etc. by S.S. Khera
260 ## - PUBLICATION, DISTRIBUTION, ETC.
Place of publication, distribution, etc. Bombay
Name of publisher, distributor, etc. Asia Pub. House
Date of publication, distribution, etc. 1963
300 ## - PHYSICAL DESCRIPTION
Extent 396p.
500 ## - GENERAL NOTE
General note Rs.38.00; Under auspices of Indian Institute of Public Administration
650 ## - SUBJECT ADDED ENTRY--TOPICAL TERM
Topical term or geographic name entry element Govt Enterprise - India
650 ## - SUBJECT ADDED ENTRY--TOPICAL TERM
Topical term or geographic name entry element Govt. Corporations - India
Holdings
Withdrawn status Lost status Damaged status Not for loan Permanent Location Current Location Date acquired Full call number Barcode Date last seen Price effective from Koha item type
        Indian Institute of Public Administration Indian Institute of Public Administration 2010-02-24 U6x54 K528m 37075 2018-07-21 2018-07-21 Book
        Indian Institute of Public Administration Indian Institute of Public Administration 1994-05-30 U6x54 K528m 36772 2018-07-21 2018-07-21 Book

Powered by Koha